Central Library OPAC University of Rajshahi

নতুন চর্যাপদ / (Record no. 81609)

MARC details
000 -LEADER
fixed length control field 00969nam a2200253 a 4500
001 - CONTROL NUMBER
control field 81609
003 - CONTROL NUMBER IDENTIFIER
rucl marc code BD-RjUL
005 - DATE AND TIME OF LATEST TRANSACTION
control field 20230726153100.0
008 - FIXED-LENGTH DATA ELEMENTS--GENERAL INFORMATION
fixed length control field 230726r2019 bg ||||| bi|| 00| 0 ben d
020 ## - INTERNATIONAL STANDARD BOOK NUMBER
International Standard Book Number 9847012004562
035 ## - SYSTEM CONTROL NUMBER
System control number (BD-RjUL)81609
040 ## - CATALOGING SOURCE
Original cataloging agency BD-RjUL
Language of cataloging eng
Transcribing agency BD-RjUL
041 ## - LANGUAGE CODE
Language code of text/sound track or separate title ben
082 ## - DEWEY DECIMAL CLASSIFICATION NUMBER
Edition number 23
Classification number 891.4409
Author mark and year SHN 2019
100 1# - MAIN ENTRY--PERSONAL NAME
Personal name শাহেদ, সৈয়দ মোহাম্মদ
9 (RLIN) 221508
245 10 - TITLE STATEMENT
Title নতুন চর্যাপদ /
Statement of responsibility, etc. সৈয়দ মোহাম্মদ শাহেদ
250 ## - EDITION STATEMENT
Edition statement ২য় সং.
260 ## - PUBLICATION, DISTRIBUTION, ETC. (IMPRINT)
Place of publication, distribution, etc. ঢাকা :
Name of publisher, distributor, etc. কথাপ্রকাশ ,
Date of publication, distribution, etc. ২০১৯
300 ## - PHYSICAL DESCRIPTION
Pagination ৬৯৫ পৃ. ;
Size ২৪ সেমি.
504 ## - BIBLIOGRAPHY, ETC. NOTE
Bibliography, etc গ্রন্থপঞ্জি সম্বলিত
650 ## - SUBJECT ADDED ENTRY--TOPICAL TERM
Topical term or geographic name as entry element বাংলা সাহিত্য
Form subdivision ইতিহাস ও সমালোচনা
9 (RLIN) 221509
Topical term or geographic name as entry element Bengali Literature
Form subdivision History and Criticism
9 (RLIN) 221510
942 ## - ADDED ENTRY ELEMENTS (KOHA)
Source of classification or shelving scheme Dewey Decimal Classification
Koha item type Books
Holdings
Lost status Source of classification or shelving scheme Damaged status Not for loan Collection code Permanent Location Current Location Shelving location Date acquired Source of acquisition Cost, normal purchase price Total Checkouts Full call number Date last seen Copy number Koha item type
  Dewey Decimal Classification   Not For Loan Non-fiction Central Library, University of Rajshahi Central Library, University of Rajshahi Reading Room 07/06/2023 Rajshahi : Biddasagar 1125.00   B 891.4409 SHN 2019 26/07/2023 C-1 Books
  Dewey Decimal Classification     Non-fiction Central Library, University of Rajshahi Central Library, University of Rajshahi General Stacks 07/06/2023 Rajshahi : Biddasagar 1125.00   B 891.4409 SHN 2019 26/07/2023 C-2 Books
  Dewey Decimal Classification     Non-fiction Central Library, University of Rajshahi Central Library, University of Rajshahi General Stacks 07/06/2023 Rajshahi : Biddasagar 1125.00   B 891.4409 SHN 2019 26/07/2023 C-3 Books